000 01959nam a22002777a 4500
001 8609
003 FISKH
005 20251113162447.0
008 251002b cb ||||| |||| 00| 0 eng d
040 _aFISKH
_bkhr
_cFISKH
_dFISKH
050 _aPZ7
082 _a398.2
100 _aAnonymous
245 _aជួយសង្គ្រោះផ្កាថ្មរបស់យើង :
_bការគ្រប់គ្រងធនធានជលផលដោយសហគមន៏នៅកម្ពុជា​ /
_cBy Anonymous
260 _aPhnom Penh :
300 _a8 pages :
_bcolor illustrations ;
_c23 cm .
505 _aJ
520 _aសុខានិងធីតាជាមិត្តរួមថ្នាក់នឹងគ្នា​។​ពួកគេរស់នៅលើកោះមួយនិងមានចំណាប់អារម្មណ៏យ៉ាងខ្លាំង ដោយបានទៅហែលទឹកជាលើកដំបូង ។​ ខណះពេលដែលពួកគេចុះហែលទឹកមើលផ្កាថ្ម ស្រាប់តែពួកគេមិនសប្បាយចិត្តចំពោះអ្វីៗដែលពួកគេបានឃើញ ។​ ផ្កថ្មត្រូវបានគេបំផ្លាញ ហើយមានត្រីតិចតួចបំផុតនៅក្នុងទឹក ។​
520 _aSokha and Thida are classmates. They live on an island and were very excited to go swimming for the first time. While they were diving to see the coral, they became disappointed with what they saw. The coral had been destroyed, and there were very few fish left in the water.
521 8 _a500
_bLexile estimate
521 8 _aJ
_bRaz-Plus
650 _aជួយសង្គ្រោះផ្កាថ្មរបស់យើង
650 _aHelp to save our coral
942 _2ddc
_cKHB
_n0
999 _c8609
_d8609